000
00292nam a22001337a 4500
008
180312b xxu||||| |||| 00| 0 eng d
020
_a
0073378220
041
_a
eng
080
_a
611
100
_a
6
101
_a
ANA
245
_a
HUMAN ANATOMY PHYSIOLOGY
_c
MARTIN.R
942
_2
udc
_c
BK
999
_c
44799
_d
44799